<?xml version="1.0" encoding="UTF-8"?>
<record
    xmlns:xsi="http://www.w3.org/2001/XMLSchema-instance"
    xsi:schemaLocation="http://www.loc.gov/MARC21/slim http://www.loc.gov/standards/marcxml/schema/MARC21slim.xsd"
    xmlns="http://www.loc.gov/MARC21/slim">

  <leader>00586nam a2200181Ia 4500</leader>
  <controlfield tag="008">090123s9999    xx            000 0 und d</controlfield>
  <datafield tag="082" ind1=" " ind2=" ">
    <subfield code="b">2396</subfield>
  </datafield>
  <datafield tag="100" ind1=" " ind2=" ">
    <subfield code="a">&#x92A;&#x93E;&#x902;&#x921;&#x947; &#x935;&#x938;&#x941;&#x927;&#x93E;</subfield>
  </datafield>
  <datafield tag="245" ind1=" " ind2=" ">
    <subfield code="a">&#x92E;&#x941;&#x932;&#x93E;&#x902;&#x91A;&#x947; &#x92E;&#x938;&#x94D;&#x924;&#x94D;&#x92F;&#x93E;&#x932;&#x92F;</subfield>
  </datafield>
  <datafield tag="250" ind1=" " ind2=" ">
    <subfield code="a">1</subfield>
  </datafield>
  <datafield tag="260" ind1=" " ind2=" ">
    <subfield code="b">&#x906;&#x928;&#x902;&#x926; &#x92E;&#x941;&#x926;&#x94D;&#x930;&#x923;&#x93E;&#x932;&#x92F;</subfield>
  </datafield>
  <datafield tag="300" ind1=" " ind2=" ">
    <subfield code="a">64</subfield>
  </datafield>
  <datafield tag="600" ind1=" " ind2=" ">
    <subfield code="a">&#x92A;&#x93E;&#x902;&#x921;&#x947; &#x935;&#x938;&#x941;&#x927;&#x93E;</subfield>
  </datafield>
  <datafield tag="630" ind1=" " ind2=" ">
    <subfield code="a">&#x92E;&#x941;&#x932;&#x93E;&#x902;&#x91A;&#x947; &#x92E;&#x938;&#x94D;&#x924;&#x94D;&#x92F;&#x93E;&#x932;&#x92F;</subfield>
  </datafield>
  <datafield tag="700" ind1=" " ind2=" ">
    <subfield code="a">&#x92A;&#x93E;&#x902;&#x921;&#x947; &#x935;&#x938;&#x941;&#x927;&#x93E;</subfield>
  </datafield>
  <datafield tag="730" ind1=" " ind2=" ">
    <subfield code="a">&#x92E;&#x941;&#x932;&#x93E;&#x902;&#x91A;&#x947; &#x92E;&#x938;&#x94D;&#x924;&#x94D;&#x92F;&#x93E;&#x932;&#x92F;</subfield>
  </datafield>
  <datafield tag="942" ind1=" " ind2=" ">
    <subfield code="c">BOOK</subfield>
  </datafield>
  <datafield tag="999" ind1=" " ind2=" ">
    <subfield code="c">40480</subfield>
    <subfield code="d">40480</subfield>
  </datafield>
  <datafield tag="952" ind1=" " ind2=" ">
    <subfield code="0">0</subfield>
    <subfield code="1">0</subfield>
    <subfield code="4">0</subfield>
    <subfield code="7">0</subfield>
    <subfield code="a">KALWAJAWAH</subfield>
    <subfield code="b">KALWAJAWAH</subfield>
    <subfield code="d">2002-03-31</subfield>
    <subfield code="g">2.00</subfield>
    <subfield code="l">0</subfield>
    <subfield code="o">2396</subfield>
    <subfield code="p">KLW-2396</subfield>
    <subfield code="r">2009-01-23 00:00:00</subfield>
    <subfield code="v">2.00</subfield>
    <subfield code="w">2009-01-23</subfield>
    <subfield code="y">BOOK</subfield>
  </datafield>
</record>
